000
00350nam a2200133Ia 4500
008
230312s9999||||xx |||||||||||||| ||und||
082
_a
891.4
_b
TAH-M
100
_a
ڈاکٹر محمد طاھر القادری
245
0
_a
معارف الشفاء
260
_b
Minhajul quran
_a
pakistan
_c
2004
300
_a
135
650
_a
Literature
942
_c
BK
999
_c
14740
_d
14740